000 00451nam a2200193Ia 4500
005 20240823021623.0
008 240823s9999||||xx |||||||||||||| ||und||
020 _a81-315-0235-X
041 _aENGLISH
082 _A511 P7
100 _aKaplan
245 0 _aScientific Computation and Programming
250 _a1st
260 _c2007
_b"Thomson,Aust"
500 _aYES
650 _aComputation
_bMathematics
942 _cBK
999 _c177392
_d177392